000 00640nam a2200181 u 4500
005 20210223131053.0
008 090818s2007 mx r 000 0 spa d
020 _a9681212606
035 _aUPN01000171901
049 _aCG
050 4 _aPQ7297 Y3
_bA3.8
245 0 0 _aAgustín Yáñez :
_buna vida literaria /
_ced. Rafael Olea Franco.
260 _aMéxico :
_bEl Colegio de México, Centro de Estudios Lingüísticos y Literarios :
_bFundación para las Letras Mexicanas,
_c2007.
300 _a268 p.
440 0 _aLiteratura mexicana ;
_v9
600 1 4 _aYAÑEZ, AGUSTIN,
_d1904-1980 -
_xCRITICA E INTERPRETACION
_914402
905 _aLibro
999 _c144005
_d144005